| 000 | 01057cam a2200289 i 4500 | ||
|---|---|---|---|
| 003 | SA-RiAUC | ||
| 005 | 20250217071803.0 | ||
| 008 | 250215s1991 jo g 000 0 ara c | ||
| 040 |
_aJU _bara _cSA-RiAUC _erda |
||
| 050 | 0 | _b. F82 1991 | |
| 050 | 1 | 4 | _b.F8232 1991 |
| 082 | 0 | 4 |
_a257.5 _qSA-RiAUC |
| 090 |
_a257.5 _b ف ض ي |
||
| 100 | 1 |
_aالفضيلات، جبر محمود _eمؤلف. |
|
| 245 | 1 | 2 |
_aالقضاء في الإسلام وآداب القاضي / _cجبر محمود الفضيلات. |
| 264 | 1 |
_aعمان، الأردن : _bدار عمار، _c1991 |
|
| 264 | 2 |
_aعمان، الأردن : _bتوزيع أسامة |
|
| 300 |
_a288 صفحة ؛ _c24 سم |
||
| 336 |
_aنص _btxt _2rdacontent _3كتاب |
||
| 337 |
_aبدون وسيط _bn _2rdamedia |
||
| 338 |
_aمجلد _bnc _2rdacarrier |
||
| 590 | _aعبد المنعم. | ||
| 650 | 7 |
_aالقضاء في الإسلام _2aucsh |
|
| 650 | 7 |
_aالقضاة _xأخلاق مهنية _2aucsh |
|
| 942 |
_2ddc _cBOOK _n0 |
||
| 949 |
_aSA-JeALM _d250215 _umohamedma123 _n1 |
||
| 999 |
_c6005 _d6005 |
||